Filmographie d'Edward Yang par images - Statistiques

Statistiques générales
  • Ce quiz a été pris 7 fois
  • Le résultat moyen est 5 sur 8
Statistiques - réponses
Par images Hint Réponse % Correct
2000 Yi Yi
100%
1985 Taipei Story
86%
1986 The Terrorizers
86%
1991 A Brighter Summer Day
71%
1996 Mahjong
71%
1994 Confusion chez Confucius
57%
1982 In Our Time (Desires)
14%
1983 That Day, on the Beach
14%
Aucun quiz correspondant
Distribution des résultats
% des personnes avec chaque résultat
Percentile par nombre de réponses
Votre historique - résultats
Vous n’avez pas pris ce quiz